Facultad de Derecho – Universidad Nacional de Mar del Plata

La Justicia y el Contrato Social en Jhon Rawls: (Record no. 5480)

MARC details
000 -CABECERA
campo de control de longitud fija 00617nam a22001577a 4500
020 ## - NUMERO INTERNACIONAL NORMALIZADO PARA LIBROS (ISBN)
International Standard Book Number 9789588534787
080 ## - NUMERO DE CLASIFICACION DECIMAL UNIVERSAL (CDU)
Número de la Clasificación Decimal Universal 340.12 B 777
100 ## - ASIENTO PRINCIPAL--NOMBRE PERSONAL
Nombre personal Britos, Patricia
245 ## - MENCION DE TITULO
Título propiamente dicho La Justicia y el Contrato Social en Jhon Rawls:
Parte restante del título Una forma de como superar sus limitaciones
260 ## - PUBLICACION, DISTRIBUCION, ETC. (PIE DE IMPRENTA)
Lugar de publicación, distribución, etc. Bogota:
Nombre del editor, distribuidor, etc. Universidad Libre,
Fecha de publicación, distribución, etc. 2012
300 ## - DESCRIPCION FISICA
Extensión 152 P.
490 ## - MENCION DE SERIE
Mención de serie Tendencias contemporaneas del Derecho
Designación numérica/secuencial del volumen 3
650 ## - ASIENTO SECUNDARIO DE MATERIA - TERMINO TEMATICO
Subdivisión general Jhon Rawls
-- filosofia del derecho
-- teoria de la justicia
-- igualdad
-- familia
-- derechos individuales
-- contrato social
-- contractualistas
-- Ronald Workin
-- Martha Nussbaum
942 ## - ELEMENTOS AGREGADOS (KOHA)
Clasificación normalizada de Koha para alfabetizar _
945 ## - INFORMACION DE PROCESAMIENTO LOCAL
Responsable de carga/modificación Celeste Delía
AAAA-MM-DD - Fecha de ingreso/modificación 2025-03-20
Holdings
Retirado Perdido Fuente de clasificación Dañado No se presta Ubicación permanente Locación actual Estante o sala Fecha de adquisición Total préstamos Signatura topográfica Inventario Ultima fecha vista Fecha del precio Tipo de item de Koha Total renovaciones Ultima fecha prestado
          Bib. Derecho Bib. Derecho Sala de Lectura 20/03/2025   340.12 B 777 204585 20/03/2025 20/03/2025 LIBRO (Consulta)    
          Bib. Derecho Bib. Derecho Sector Prestamo 20/03/2025 1 340.12 B 777 204586 18/09/2025 20/03/2025 LIBRO 2 03/09/2025
          Bib. Derecho Bib. Derecho Biblioteca Graduados 15/05/2025   340.12 B 777 302083 15/05/2025 15/05/2025 LIBRO (Consulta)    
          Bib. Derecho Bib. Derecho Sector Prestamo 18/08/2025   340.12 B 777 204620 18/08/2025 18/08/2025 LIBRO    

XHTML | CSS | ©Biblioteca Central - Dto. Tecnología de la Información - [ Con tecnología Koha ]